Śrīmahākavibhāsapraṇītaṃ Svapnavāsavadattam. (Record no. 76590)

MARC details
000 -LEADER
fixed length control field 00731cam a22002651 4500
001 - CONTROL NUMBER
control field sa 67007434
003 - CONTROL NUMBER IDENTIFIER
control field DLC
005 - DATE AND TIME OF LATEST TRANSACTION
control field 20260227112416.0
008 - FIXED-LENGTH DATA ELEMENTS--GENERAL INFORMATION
fixed length control field 900223s1964 ii 000 0 sano
010 ## - LIBRARY OF CONGRESS CONTROL NUMBER
LC control number sa 67007434
035 ## - SYSTEM CONTROL NUMBER
System control number (OCoLC)21115658
040 ## - CATALOGING SOURCE
Original cataloging agency DLC
Transcribing agency WaU
Modifying agency DLC
041 0# - LANGUAGE CODE
Language code of text/sound track or separate title sanenghin
042 ## - AUTHENTICATION CODE
Authentication code premarc
050 00 - LIBRARY OF CONGRESS CALL NUMBER
Classification number PK3791.B4
Item number S7
100 0# - MAIN ENTRY--PERSONAL NAME
Personal name Bhāsa.
245 10 - TITLE STATEMENT
Title Śrīmahākavibhāsapraṇītaṃ Svapnavāsavadattam.
260 ## - PUBLICATION, DISTRIBUTION, ETC.
Date of publication, distribution, etc. 1964.
300 ## - PHYSICAL DESCRIPTION
Extent 2, 2, 64, [3]-7, 274 p.
Dimensions 19 cm.
500 ## - GENERAL NOTE
General note English, Hindi and Sanskrit; introductory matter in Hindi.
500 ## - GENERAL NOTE
General note A play.
700 1# - ADDED ENTRY--PERSONAL NAME
Personal name Jhā, Tāriṇīśa,
Dates associated with a name 1922-
700 1# - ADDED ENTRY--PERSONAL NAME
Personal name Śukla, Rāmacandra.
740 0# - ADDED ENTRY--UNCONTROLLED RELATED/ANALYTICAL TITLE
Uncontrolled related/analytical title Svapnavāsavadattam.

No items available.

Powered by Koha